Fast track objective arithmetic / (Record no. 152357)

MARC details
000 -LEADER
fixed length control field 00710nam a22001817a 4500
005 - DATE AND TIME OF LATEST TRANSACTION
control field 20190710123145.0
020 ## - INTERNATIONAL STANDARD BOOK NUMBER
International Standard Book Number 9789312149836
Terms of availability 465.00
035 ## - SYSTEM CONTROL NUMBER
System control number B-694032
037 ## - SOURCE OF ACQUISITION
Source of stock number/acquisition RK Books
082 ## - DEWEY DECIMAL CLASSIFICATION NUMBER
Classification number 513
100 ## - MAIN ENTRY--PERSONAL NAME
Personal name Verma,Rajesh
245 ## - TITLE STATEMENT
Title Fast track objective arithmetic /
Statement of responsibility, etc by Rajesh Verma
260 ## - PUBLICATION, DISTRIBUTION, ETC. (IMPRINT)
Place of publication, distribution, etc New Delhi
Name of publisher, distributor, etc Arihant Publications
Date of publication, distribution, etc 2015
270 ## - ADDRESS
Address 4577/15, Agarwal Road, Daryaganj
City New Delhi
Postal code 110002
300 ## - PHYSICAL DESCRIPTION
Extent 870p.
Dimensions 24cm(pbk)
Other physical details ill.
942 ## - ADDED ENTRY ELEMENTS (KOHA)
Source of classification or shelving scheme Dewey Decimal Classification
Item type English Books
Classification part 513
Call number suffix VER
Holdings
Withdrawn status Lost status Not for loan Collection code Home library Current library Date acquired Source of acquisition Cost, normal purchase price Full call number Barcode Copy number Cost, replacement price Koha item type
      Non-fiction Sarojini Nagar Sarojini Nagar 31/05/2018 4215/1, Ansari Road, Dayaganj, New Delhi -110002 465.00 513 VER B-694032 1 465.00 English Books

© Delhi Public Library
Hit Counter
free hit counter